Get the Picture: Three Amigos of Cinema Quiz Stats

 Plays Quiz Updated Aug 21, 2019

Score 0/16 Timer 02:30
2 Plays Today
Question Answer Wrong Answers
Pan's Labyrinth Guillermo del Toro
70.5%
Alfonso Cuarón
12.1%
Alejandro G. Iñárritu
10.7%
Hellboy Guillermo del Toro
66.6%
Alfonso Cuarón
14.5%
Alejandro G. Iñárritu
12.1%
The Shape of Water Guillermo del Toro
65.6%
Alfonso Cuarón
13.5%
Alejandro G. Iñárritu
15.1%
Harry Potter and the Prisoner of Azkaban Alfonso Cuarón
61.6%
Guillermo del Toro
18.2%
Alejandro G. Iñárritu
14%
Birdman or (The Unexpected Virtue of Ignorance) Alejandro G. Iñárritu
56.9%
Alfonso Cuarón
21.6%
Guillermo del Toro
14.1%
The Revenant Alejandro G. Iñárritu
56.8%
Alfonso Cuarón
19.8%
Guillermo del Toro
16.6%
Gravity Alfonso Cuarón
55.8%
Guillermo del Toro
16.2%
Alejandro G. Iñárritu
21.2%
Pacific Rim Guillermo del Toro
55.8%
Alfonso Cuarón
20.4%
Alejandro G. Iñárritu
16.8%
Roma Alfonso Cuarón
54.6%
Guillermo del Toro
14.4%
Alejandro G. Iñárritu
24%
Blade II Guillermo del Toro
53.8%
Alfonso Cuarón
21.4%
Alejandro G. Iñárritu
18.1%
Children of Men Alfonso Cuarón
53.3%
Guillermo del Toro
18.1%
Alejandro G. Iñárritu
21.6%
Babel Alejandro G. Iñárritu
45.5%
Alfonso Cuarón
31.5%
Guillermo del Toro
15.7%
A Little Princess Alfonso Cuarón
45.5%
Guillermo del Toro
19.2%
Alejandro G. Iñárritu
28.7%
Amores Perros Alejandro G. Iñárritu
45.4%
Alfonso Cuarón
32.7%
Guillermo del Toro
14.8%
Crimson Peak Guillermo del Toro
44.3%
Alfonso Cuarón
26.8%
Alejandro G. Iñárritu
21.6%
21 Grams Alejandro G. Iñárritu
44.2%
Alfonso Cuarón
30.3%
Guillermo del Toro
18.2%

Today's Daily Dose

Word Ladder
Lean on Me

Get the Picture
Superhero by Villain

You're not logged in!

Compare scores with friends on all Sporcle quizzes.
OR
Log In

Sporcle TV

Today on Sporcle TV


Watch our educational content, quiz creation guides, and fun videos on Sporcle TV.

Show Comments

Extras

Top Quizzes Today


Score Distribution

Your Account Isn't Verified!

In order to create a playlist on Sporcle, you need to verify the email address you used during registration. Go to your Sporcle Settings to finish the process.

Report this User

Report this user for behavior that violates our Community Guidelines.

Details: